Derecho privado romano.

Saved in:
Bibliographic Details
Main Author: Jörs, Paul (autor)
Other Authors: Prieto Castro, L. (traducción de la segunda edición alemana)
Format: Book
Published: Barcelona, España. Labor, 1937.
Edition:Primera edición.
Subjects:
Tags: Add Tag
No Tags, Be the first to tag this record!

MARC

LEADER 00000nam a22000007a 4500
003 CL-VaPUC
005 20220822114551.0
008 220707t1937 ||||| |||| 00| 0 eng d
999 |c 436786  |d 436784 
040 |c Pontificia Universidad Católica de Valparaíso 
082 0 4 |a 340.54 JOR 1937  |2 21 
100 |a Jörs, Paul  |e autor  |9 333947 
245 1 0 |a Derecho privado romano. 
250 |a Primera edición.  |b Edición totalmente refundida por Wolfgang Kunkel. 
260 |a Barcelona, España.  |b Labor,   |c 1937. 
300 |a 559 páginas 
500 |a c.1 Donación Familia Prof. Alejandro Guzmán Brito. 
583 |a last modification  |c 19950421 00:00:00  |k Cristina María Rojas Aguilar 
650 0 |a Derecho romano  |9 255930 
651 |2 Derecho privado romano 
700 |a Prieto Castro, L.  |e traducción de la segunda edición alemana  |9 872371 
942 |c BK  |2 ddc  |n 0 
952 |0 0  |1 0  |2 ddc  |4 0  |6 340_540000000000000_JOR_1937  |7 0  |8 C_AGB  |9 584510  |a BIBDER  |b BIBDER  |d 2022-07-07  |e Donación   |i 5652581  |o 340.54 JOR 1937  |p 5652581  |r 2023-01-25  |t 1  |w 2022-07-07  |y BK_US  |k AGB